| 000 | 00696cab a2200265 4500 | ||
|---|---|---|---|
| 001 | X1118 | ||
| 008 | 090401t1993 xxu||||| |||| 00| 0 eng d | ||
| 035 | _a(Sirsi) u14773 | ||
| 041 | _aeng | ||
| 245 | _aRetaining wall | ||
| 260 | _c1993 | ||
| 350 | _a0 | ||
| 490 |
_aCS Monthly : Rural Practice _v3(2) October 1993, 6(1) |
||
| 520 | _aMole Valley DC v Thawscroft | ||
| 650 | _aCARAVAN SOTE | ||
| 650 | _aGENERAL DEVELOPMENT ORDER | ||
| 650 | _aGREEN BELT | ||
| 650 | _aGROUND LEVELS | ||
| 650 | _aPERMITTED DEVELOPMENT | ||
| 650 | _aRETAINING WALLS | ||
| 650 | _aSITES OF SPECIAL SCIENTIFIC INTEREST | ||
| 690 | _aPLANNING LAW AND PRACTICE | ||
| 942 | _n0 | ||
| 948 | _c04/03/1997 | ||
| 999 |
_c9643 _d9643 |
||